Návrh vysokofrekvenčních a mikrovlnných obvodů počítačem
Gespeichert in:
| 1. Verfasser: | |
|---|---|
| Format: | Buch |
| Sprache: | Tschechisch |
| Veröffentlicht: |
Praha :
ČVUT,
2003
|
| Ausgabe: | 1. vyd. |
| Tags: |
Keine Tags, Fügen Sie das erste Tag hinzu!
|
MARC
| LEADER | 00000nam a22000003a 4500 | ||
|---|---|---|---|
| 001 | stu294799 | ||
| 005 | 20150716165437.4 | ||
| 008 | 140729s--------xr------------------cze-d | ||
| 020 | |a 80-01-02696-5 | ||
| 040 | |a STU |b slo | ||
| 041 | 0 | |a cze | |
| 044 | |a xr | ||
| 080 | |a 621.37 |7 stu_us_auth*stu7877 | ||
| 100 | 1 | |a Dobeš, Josef |4 aut | |
| 245 | 1 | |a Návrh vysokofrekvenčních a mikrovlnných obvodů počítačem | |
| 250 | |a 1. vyd. | ||
| 260 | |a Praha : |b ČVUT, |c 2003 | ||
| 300 | |a 389 s | ||
| 996 | |b 284EK89372 |c E*89372 |l EE34 |s P |a 0 |w stu294799_0001 | ||